Language Quiz

Random Language or Blitz Quiz

Squeaky Clean Synonyms Blitz Quiz Stats

Quiz Updated Jan 27, 2015

Challenge
Share
Tweet
Embed
Score 0/36 Timer 01:00
1 Play Today
% Correct
Spotless
79%
Pure
78.7%
Tidy
78.2%
Neat
77.9%
Sanitized
77.7%
Hygienic
77.3%
Washed
77.3%
Pristine
77.2%
Sterile
76.8%
Immaculate
75.4%
Flawless
75.2%
Orderly
73.7%
Stainless
71.3%
Speckless
70.9%
Laundered
70.3%
Filthy
66.3%
Grimy
64.1%
Soiled
64.1%
% Correct
Greasy
63.8%
Sloppy
63.5%
Polluted
63.4%
Foul
63.2%
Contaminated
63.1%
Grubby
63%
Tainted
62.6%
Stained
62.6%
Spoiled
62.5%
Impure
62.3%
Blemished
62.2%
Tarnished
62.2%
Unadulterated
61.9%
Disorderly
61.4%
Defiled
59.5%
Sullied
57.4%
Slovenly
51.8%
Abluted
32.5%

You're not logged in!

Compare scores with friends on all Sporcle quizzes.
Sign Up with Email
OR
Log In

You Might Also Like...

Show Comments

Extras

Top Quizzes Today


Score Distribution

Your Account Isn't Verified!

In order to create a playlist on Sporcle, you need to verify the email address you used during registration. Go to your Sporcle Settings to finish the process.